MARC
| LEADER | 00000 a2200000 04500 | ||
|---|---|---|---|
| 001 | 25555 | ||
| 003 | |||
| 008 | 991231s d | ||
| 040 | |||
| 020 | |a 968-23-0085-1 | ||
| 022 | |a 968-23-0085-1 | ||
| 090 | |a 155103 | ||
| 100 | |a Marx, Carlos | ||
| 245 | |a El Capital: crítica de la economía política. El Proceso de circulación del capital / |c Carlos Marx | ||
| 250 | |a 6 | ||
| 260 | |a México, D. F.: |b Siglo XXI | ||
| 300 | |a Tomo II, vol. 4 | ||
| 500 | |a Se agregan en este volumen notas del traductor, índice analítico, de nombres y obras citadas | ||
| 700 | |a Friedrich Engels | ||
| 700 | |a Scaron, Pedro | ||
| 700 | |a | ||
| 700 | |a Mames, León | ||
| 700 | |a | ||
| 999 | |c 15644 |d 15644 | ||



